000 00761nam a2200229Ia 4500
003 GCL
008 140319s9999 xx 000 0 ara d
040 _aGCL /
_cGCL
082 0 4 _a842
_bا ى
100 1 _aمحمد مندور
245 1 0 _aيأجوج ومأجوج /
_cمحمد مندور
700 1 _aحسن نديم (مترجم)
700 1 _aلطفى فام (مترجم)
700 1 _aارو، جبرييل
260 _aالقاهرة :
_bمكتبة دار النهضة العربية ،
_c1963
300 _a192 ص ؛
_c20سم
490 _aالالف كتاب
_v447
650 0 4 _aالادب الفرنسى
650 0 4 _aالمسرحيات الفرنسية
650 0 4 _aالمسرحيات الفرنسية المترجمة
942 _2ddc
_cBK
999 _c44863
_d44863